000 00505nam a2200133Ia 4500
005 20260209120154.0
008 260209s9999||||xx |||||||||||||| ||und||
100 _aShrija Sharma
245 0 _aReverse onus theory and its prevalent misuse with reference to offences against women
260 _aBangaloreBangalore
_bNLSIU, Bangalore
_c2024 - 2025
300 _a30 p. ; 25 cm.
700 _aMs. Bhanu Tanwar - SupervisorMs. Bhanu Tanwar - Supervisor
856 _uhttps://dans.nls.ac.in/handle/123456789/2516
999 _c217827
_d217827